000 00345nam a2200157Ia 4500
003 OSt
005 20240119142953.0
008 170524s9999 xx 000 0 und d
020 _a8122426816
040 _cIIMTU
100 _aSingh U K
245 0 _aManufacturing Processes
260 _bNew Age New Delhi
260 _c2009
942 _2ddc
_c02
999 _c5485
_d5485